000 00813nam a2200253Ia 4500
003 OSt
005 20221006153805.0
006 a|||||r|||| 00| 0
007 ta
008 221006b |||||||| |||| 00| 0 eng d
020 _a9780691134680
024 _a33,343
037 _cAnnuals, Advances
040 _aEASL
_cEASL
_beng
041 _2eng
_aeng
082 _aV49B0tD:19(zP).P06, P7
100 _aSOLINGEN Etel Au.
_9665437
245 0 _aNuclear Logics
_b Contrasting Paths in East Asia and the Middle East
260 _aPrinceton
_bPrinceton University Press
_c2007
300 _a406p.
_ccm.
490 _v Oth
_aPrinceton studies in international history and politics
942 _hV49B0tD:19(zP).P06, P7
_cREF
_2CC
999 _c1101429
_d1101429